1659 1893 1425 1030 1572 1902 1732 1035 1951 1471 1989 1455 1769 1963 1987 1514 1252 1768 1566 1328 1406 1232 1236 1561 1265 1173 1850 1798 1169 1514 1291 1801 1435 1222 1366 1140 1782 1910 1640 1203 1503 1160 1006 1973 1718 1331 1514 1554 1700 1952 1326 1839 1464 1125 1219 1010 1707 1075 1128 1889 1534 1855 1350 1998 1185 1116 1041 1620 1703 1610 1073 1644 1791 1493 1768 1765 1600 1350 1028 1000 1297 1725 1071 1844 1089 1696 1074 1943 1060 1785 1817 1129 1170 1367 1827 1412 1484 1462 1482 BCNSPRNW ULIB Ver.6.0+V

เปลี่ยนเป็นภาษาไทย

Change to English
 แสดงรายละเอียดบรรณานุกรม
  กลับหน้าหลัก

Brief Record : Get Marc (ISO 2709) : E-mail record : QR code < ปิดหน้าต่าง
LEADER : 00000nam 2200000uu 4500
001    13399123424
003     ULIB
008    140914s2550||||th 000 0 tha d
020    9789748458182
099    นว ^bม111
100 0  มกรา
245 00 ดอลลี่ที่รัก/^cมกรา
260    กรุงเทพฯ :^b1168 พับลิชชิ่ง,^c2550
300    284 หน้า
945    ^p189^l0^i022523
999    ^aเกษร โพธิ์สุวรรณ
รายการนี้ยังไม่มีแท็ก
คุณยังไม่ได้ล็อกอิน คุณสามารถมีกิจกรรมร่วมกับเว็บไซต์ได้ แต่ต้องล็อกอินก่อน ::
  ล็อกอิน

รายการสื่อสารสนเทศ

ลำดับที่ ประเภท เลขเรียก/บาร์โค้ด สถานที่ สถานะ
1. นวนิยาย
นวนิยาย
นว ม111 ฉ.1 
  Barcode: 022523
ห้องสมุดวิทยาเขตนครสวรรค์
►นวนิยาย:l:Fiction
บนชั้น

รายการใกล้เคียง
    ผู้แต่ง [มกรา]

BibComment


ยังไม่เคยถูกคอมเมนท์

คอมเมนท์ทรัพยากรรายการนี้
  คอมเมนท์: ดอลลี่ที่รัก มกรา


 Copyright 2026. Bcnsprnw @Library